000 01113cam a2200289 a 4500
001 2824
005 20240116110551.0
020 _a9780439903547
020 _a0439903548
020 _a9780545220910
040 _aDLC
_cDLC
_dDLC
_beng
050 0 0 _aE457.5.B67
_bS93 2009
082 0 0 _a973.7092
_aB
_222
100 1 _aSwanson, James L.
_d1959-
245 1 0 _aChasing Lincoln's killer /
_cJames L. Swanson
250 _aFirst Scholastic paperback printing, January 2010
260 _aNew York :
_bScholastic Press,
_c2009
300 _a194 pages :
_billustrations, map ;
_c20 cm
505 _aZ
520 _aA fast-paced thriller about the pursuit and capture of John Wilkes Booth: a wild twelve-day chase through the streets of Washington, D.C., across the swamps of Maryland, and into the forests of Virginia.
521 _a980
_bLexile
521 _aZ
_bRaz-Plus
650 0 _aAssassins
_zUnited States
_vBiography
_vJuvenile literature.
650 0 _aFugitives from justice
_zWashington Region
_vBiography
_vJuvenile literature.
906 _a7
_bcbc
_corignew
_d1
_eecip
_f20
_gy-gencatlg
942 _2ddc
_cBK
_n0
999 _c2824
_d2824